Statistics for The Caribbean Countries Flag Quiz

Click here to take the quiz!

General Stats

  • This quiz has been taken 253 times
  • The average score is 12 of 13

Answer Stats

Answer% Correct
Cuba
98%
Jamaica
98%
Saint Lucia
92%
Bahamas
91%
Barbados
91%
Trinidad and Tobago
91%
Haiti
89%
Dominican Republic
88%
Grenada
88%
Antigua and Barbuda
86%
Dominica
86%
Saint Kitts and Nevis
83%
Saint Vincent and the Grenadines
83%

Score Distribution

Percentile by Number Answered

Percent of People with Each Score

Your Score History

You have not taken this quiz